skbl

Dr Suryya Kumar Bhuyan Library Web-OPAC
ডঃ সূৰ্য্য
কুমাৰ ভূঞা পুথিভঁৰাল ৱেব-অ'পেক

All Research Scholars are advised to clear the annual library fees to continue using Library Resources, Remote Access, Plagiarism Test and Library Clearance.

Cotton University Book Fair 2026

Aithihasic Patabhumit Asomor Aitijyamandita Islamdharmi Sakal Vol-1v, AD 1857-2010 (Record no. 58917)

MARC details
000 -LEADER
fixed length control field 00715nam a2200193Ia 4500
001 - CONTROL NUMBER
control field 59032
008 - FIXED-LENGTH DATA ELEMENTS--GENERAL INFORMATION
fixed length control field 150831n ii |||gr||||Z||||||asm
082 ## - DEWEY DECIMAL CLASSIFICATION NUMBER
Classification number 954.162
100 ## - MAIN ENTRY--PERSONAL NAME
Personal name Akdas Ali Mir (Editor &Compiled),
Relator term Editor.,
245 #0 - TITLE STATEMENT
Title Aithihasic Patabhumit Asomor Aitijyamandita Islamdharmi Sakal Vol-1v, AD 1857-2010
Statement of responsibility, etc. Akdas Ali Mir (Editor &Compiled)
Medium Textual Documents
250 ## - EDITION STATEMENT
Edition statement Ist--2010.
260 ## - PUBLICATION, DISTRIBUTION, ETC.
Place of publication, distribution, etc. [Lakhtokia:
Name of publisher, distributor, etc. Roushanara Edn Foundation.
300 ## - PHYSICAL DESCRIPTION
Extent 521pg:
Other physical details ill, Photograph;
Dimensions 23cm.
653 ## - INDEX TERM--UNCONTROLLED
Uncontrolled term History
653 ## - INDEX TERM--UNCONTROLLED
Uncontrolled term G-History
653 ## - INDEX TERM--UNCONTROLLED
Uncontrolled term Aithihasic Patabhumit Asomor Aitijyamandita Islamdharmi Sakal Vol-1v, AD 1857-2010
653 ## - INDEX TERM--UNCONTROLLED
Uncontrolled term Growth &Formation Assamese Society
942 ## - ADDED ENTRY ELEMENTS (KOHA)
Source of classification or shelving scheme Dewey Decimal Classification
Koha item type Books
Holdings
Withdrawn status Lost status Damaged status Not for loan Collection Home library Current library Shelving location Date acquired Coded location qualifier Cost, normal purchase price Total checkouts Total renewals Full call number Barcode Date last seen Date last checked out Copy number Price effective from Koha item type
          Dr. Suryya Kumar Bhuyan Library Dr. Suryya Kumar Bhuyan Library   31/08/2015 00000 300.00 1 1 954.162 Mi 67 Ai 3312/el 19/02/2025 10/04/2024 1 31/08/2015 Books

Designed and Maintained by Team SKBL
©1901-2026

Powered by Koha